NASA ... or SpaceX? - Statistics

General Stats
  • This quiz has been taken 378 times
  • The average score is 7 of 10
Answer Stats
Question Answer % Correct
Sent Voyager 1 and Voyager 2 NASA
99%
Has a cargo spacecraft also known as the Dragon 1 SpaceX
96%
Has more employees NASA
89%
Has A Headquarters in California SpaceX
87%
Was founded in the 20th century NASA
85%
Has a spacecraft called Atlas V NASA
79%
Planning to go to Mars at 2022 SpaceX
70%
Has A Bigger Net Worth NASA
52%
Has a higher unsuccessful takeoff chance SpaceX
48%
Company's founder has a bigger net worth NASA
1%
No matching quizzes found
Score Distribution
Percent of People with Each Score
Percentile by Number Answered
Your Score History
You have not taken this quiz